000
00240nam a22001097a 4500
082
_a
516.24 CHA
100
_a
CHAWLA. L.M
_9
79844
245
_a
INTRMEDIATE PLANE TRIGONOMETRY
260
_a
LAHORE
_b
PDF
_c
1966
300
_a
212P
942
_c
BK
999
_c
584838
_d
584838